000 01056nam1a2200277 i 4500
001 RU\NLR\bibl\389856
005 20241102101809.0
035 _a(NLR Aleph) 000384167
090 _a474540
_c474540
100 _a20030415g20029999u y0rusy50 ca
101 0 _arus
102 _aRU
105 _a||||g |||||
200 1 _aКабели и провода для геофизических работ, гидрографических исследований и добычи полезных ископаемых
_eЭнциклопед. справ.
_fЯ.З. Месенжник, А.А. Осягин
210 _aТверь
_cГЕРС
_d2002
215 _d21
463 0 _1001386816
606 _aРудники
_jСправочники
_xЭлектрооборудование
_91393998
_3RU\NLR\auth\66273194
686 _aИ-421.2я22
700 1 _aМесенжник
_bЯ. З.
_4070
701 1 _aОсягин
_bА. А.
_4070
801 0 _aRU
_bNLR
_c20030415
_gPSBO
801 1 _aRU
_bNLR
_c20030415
852 _aNLR
_j2003-3/8809
942 _cBOOK